Niedersachsen - Richtig oder Falsch? - Statistiken

Allgemein
  • Dieses Quiz wurde 75 mal gespielt
    74 seit der letzten Aktualisierung
  • Das Durchschnittsergebnis liegt bei 12 aus 15
Antwortstatistiken
Frage Antwort % Korrekt
Niedersachsen grenzt an alle deutschen Stadtstaaten Falsch
94%
Der südlichste Punkt Niedersachsen liegt südlicher als der nördlichste Punkt Bayerns Falsch
92%
Der größte See Niedersachsens ist das Steinhuder Meer Richtig
92%
Mindestens ein deutscher Bundeskanzler wurde in Niedersachsen geboren Richtig
92%
Die zweitgrößte Stadt Niedersachsens ist Göttingen Falsch
91%
Niedersachsen hat Anteil am Harz Richtig
89%
Niedersachsen hat von allen Bundesländer die niedrigste Bevölkerungsdichte Falsch
88%
Die Rattenfängerstadt Hameln liegt in Niedersachsen Richtig
88%
Der westlichste Punkt Niedersachsens liegt auf der Insel Borkum Richtig
76%
Helgoland gehört zu Niedersachsen Falsch
74%
Pellworm ist eine der ostfriesischen Inseln Falsch
73%
Niedersachsen grenzt an die meisten anderen Bundesländer Richtig
70%
Würden Hamburg und Bremen sich Niedersachsen anschließen, wäre es das bevölkerungsreichste Bundesland Falsch
62%
Das Elfmeterschießen wurde in Niedersachsen erfunden Falsch
58%
Niedersachsen grenzt an Brandenburg Richtig
50%
Keine übereinstimmenden Quizze gefunden
Verteilung der Resultate
Anzahl Personen mit jedem Resultat
Perzentil nach korrekt beantworteten Fragen
Ihre Resultats-Entwicklung
Sie haben dieses Quiz seit der letzten Aktualisierung nicht gespielt